| 000 | 00575nam a22001337a 4500 | ||
|---|---|---|---|
| 040 | _cRUA | ||
| 082 | _aFIS SUN 2009 B181 Or.1 | ||
| 100 | _aSUN, MENGLY. | ||
| 245 | _aTilapia(Oreochrmus niloticus) seed production in pond and hapa, ការផលិតកូនត្រីទីឡាព្យានីឡូទីកាក្នុងស្រះ និងក្នុងហាប៉ា | ||
| 260 |
_aPhnom Penh _bRUA _c2009 |
||
| 300 |
_axii,46p. _bill. _c29cm. |
||
| 856 | _uhttps://drive.google.com/file/d/1igXhHfTvNi6SPGloqRGwf1r32cfb-sH8/view?usp=sharing | ||
| 942 | _cFIS | ||
| 999 |
_c3883 _d3883 |
||